000
00255nam a2200109 a 4500
005
20200930075845.0
008
120124s1971 000 spa d
020
_a
0672535076
245
0
_a
The big two.
260
_a
Indianapolis,
_c
1971.
999
_c
36147
_d
36147
040
_a
DO-SdBNP